Κατάλογος Βιβλιοθηκών Mediterranean College

Cellular and Molecular Immunology / Eighth Edition (Record no. 3110)

MARC details
000 -LEADER
fixed length control field 01679cam a22002294a 4500
005 - ΗΜΕΡΟΜΗΝΙΑ ΚΑΙ ΩΡΑ ΤΕΛΕΥΤΑΙΑΣ ΕΝΗΜΕΡΩΣΗΣ
Πεδίο ελέγχου 20250605164105.0
008 - FIXED-LENGTH DATA ELEMENTS--GENERAL INFORMATION
Πεδίο ελέγχου σταθερού μήκους 250528s ||||||||||||||||||||||||d
035 ## - SYSTEM CONTROL NUMBER
System control number 17709
020 ## - ISBN
ISBN 9780323222754
040 ## - ΠΗΓΗ ΚΑΤΑΛΟΓΟΓΡΑΦΗΣΗΣ
Φορέας πρωτότυπης καταλογογράφησης MC Athens Campus Library
Γλώσσα καταλογογράφησης Ελληνικά, Μοντέρνα (1453-)
Modifying agency MC Athens Campus Library
Κανόνες περιγραφικής καταλογογράφησης AACR2
245 1# - ΤΙΤΛΟΣ ΚΑΙ ΔΗΛΩΣΗ ΥΠΕΥΘΥΝΟΤΗΤΑΣ
Τίτλος Cellular and Molecular Immunology / Eighth Edition
250 ## - EDITION STATEMENT
Edition statement 8th
260 ## - PUBLICATION, DISTRIBUTION, ETC.
Name of publisher, distributor, etc. Elsevier Saunders,
Date of publication, distribution, etc. 2015
300 ## - PHYSICAL DESCRIPTION
Extent 536
520 ## - SUMMARY, ETC.
Summary, etc. This book provides an accessible yet thorough understanding of this active and fast-changing field. Properties and Overview of Immune Responses, Cells and Tissues of the Immune System, Leukocyte Circulation and Migration into Tissues, Innate Immunity, Antibodies and Antigens, Major Histocompatibility Complex Molecules and Antigen Presentation to T Lymphocytes, Immune Receptors and Signal Transduction, Lymphocyte Development and Antigen Receptor Gene Rearrangement, Activation of T Lymphocytes, Differentiation and Functions of CD4+ Effector T Cells, Differentiation and Functions of CD8+ Effector T Cells, B Cell Activation and Antibody Production, Effector Mechanisms of Humoral Immunity, Specialized Immunity at Epithelial Barriers and in Immune Priviliged Tissues, Immunologic Tolerance and Autoimmunity, Immunity to Microbes, Transplantation Immunology, Immunity to Tumors, Hypersensitivity Disorders, Allergy, Congenital and Acquired Immunodeficiencies, Appendices, Glossary, Cytokines, Principle Features of Selected CD Molecules, Laboratory Techniques Commonly Used in Immunology, Index.
700 1# - ΠΡΟΣΘΕΤΗ ΑΝΑΓΡΑΦΗ--ΦΥΣΙΚΟ ΠΡΟΣΩΠΟ
Personal name Abbas Abul K.
9 (RLIN) 3891
700 1# - ΠΡΟΣΘΕΤΗ ΑΝΑΓΡΑΦΗ--ΦΥΣΙΚΟ ΠΡΟΣΩΠΟ
Personal name Lightman Andrew H.
9 (RLIN) 3892
700 1# - ΠΡΟΣΘΕΤΗ ΑΝΑΓΡΑΦΗ--ΦΥΣΙΚΟ ΠΡΟΣΩΠΟ
Personal name Pillai Shiv
9 (RLIN) 3893
942 ## - ADDED ENTRY ELEMENTS (KOHA)
Koha item type Books
Holdings
Τύπος τεκμηρίου Βιβλιοθήκη Τρέχουσα τοποθεσία Barcode Αριθμός εισαγωγής Ημερομηνία απόκτησης Ταξιθετικό σύμβολο Αριθμός αντιτύπου Κατάσταση απόσυρσης Κατάσταση χαμένου Κατάσταση κατεστραμμένου Μη δανεισμός Σύνολο δανεισμών Ημερομηνία τελευταίας εμφάνισης Η τιμή ισχύει από
Books MC Athens Campus Library MC Athens Campus Library 9780000031099 6080 05/06/2025 616.07' 07 ABB 1           05/06/2025 05/06/2025

MC Athens Campus Library
Πατησίων 94 & Κοδριγκτώνος 13, 104 34
Πελλήνης 8 & Πατησίων 107, 112 51
Τ: +30 210 8899600

MC Thessaloniki Campus Library
Ίωνος Δραγούμη 21, 54625 | Ίωνος Δραγούμη 15, 54625
Τ: +30 2310 287779 – Τ: +30 2314 440300